Countries with the Longest Caves - Statistics

General Stats
  • This quiz has been taken 16 times
  • The average score is 7 of 12
Answer Stats
# Longest Cave Answer % Correct
1 Mammoth United States
100%
24 Toca da Boa Vista Brazil
86%
3 Shuanghedong Cave Network China
86%
20 Bullita Cave Australia
79%
2 Sistema Ox Bel Ha Mexico
79%
18 Réseau Félix Trombe France
64%
11 Sistema del Alto Tejuelo Spain
64%
14 Schönberg Cave System Austria
57%
12 Hölloch Switzerland
36%
8 Optymistychna Cave Ukraine
29%
19 Marosakabe cave system Madagascar
14%
7 Clearwater Cave System Malaysia
14%
No matching quizzes found
Score Distribution
Percent of People with Each Score
Percentile by Number Answered
Your Score History
You have not taken this quiz